ՀՀ Գիտությունների ազգային ակադեմիայի հիմնարար գիտական գրադարան  =   Fundamental Scientific Library of NAS RA
Normal view MARC view

Entry Personal Name

Number of records used in: 6

001 - CONTROL NUMBER

  • control field: 2787

003 - CONTROL NUMBER IDENTIFIER

  • control field: AM-YEHGA

005 - DATE AND TIME OF LATEST TRANSACTION

  • control field: 20250617070439.0

008 - FIXED-LENGTH DATA ELEMENTS

  • fixed length control field: 060323 a|ac|n|aab||||||||||||a |n|||||||

040 ## - CATALOGING SOURCE

  • Original cataloging agency: AM-YEHGA

100 1# - HEADING--PERSONAL NAME

  • Personal name: Սարյան, Սարգիս Մարտիրոսի,
  • Dates associated with a name: 1917-1962

400 1# - SEE FROM TRACING--PERSONAL NAME

  • Personal name: Սարյան, Սարգիս,
  • Dates associated with a name: 1917-1962

400 1# - SEE FROM TRACING--PERSONAL NAME

  • Personal name: Սարյան, Ս.Մ.
  • Fuller form of name: (Սարգիս Մարտիրոսի),
  • Dates associated with a name: 1917-1962

400 1# - SEE FROM TRACING--PERSONAL NAME

  • Personal name: Սարյան, Ս.
  • Fuller form of name: (Սարգիս),
  • Dates associated with a name: 1917-1962

400 1# - SEE FROM TRACING--PERSONAL NAME

  • Personal name: Сарьян, Саркис Мартиросович,
  • Dates associated with a name: 1917-1962

400 1# - SEE FROM TRACING--PERSONAL NAME

  • Personal name: Сарьян, С.М.
  • Fuller form of name: (Саркис Мартиросович),
  • Dates associated with a name: 1917-1962

400 1# - SEE FROM TRACING--PERSONAL NAME

  • Personal name: Saryan, Sargis Martirosi,
  • Dates associated with a name: 1917-1962

670 ## - SOURCE DATA FOUND

  • Source citation: Խաչատրյան Հ.Հ. Գրական տեղեկատու, 1986 :
  • Information found: (Սարյան Սարգիս Մարտիրոսի (26.1.1917, Նոր Նախիջևան - 20.8.1962, Երևան), գրականագետ, Բանաս. գիտ. թեկ., ՍՍՀՄ գրող. միութ. անդամ 1956-ից)

670 ## - SOURCE DATA FOUND

  • Source citation: Սովետահայ արդի պատմվածքը, 1959 :
  • Information found: տիտղթ. (Ս.Մ. Սարյան)

670 ## - SOURCE DATA FOUND

  • Source citation: Չոչարա, 1962 :
  • Information found: տիտղթ. (Ա. Մորավիա; Իտալ. թարգմ.՝ Գ. Վիրապյան; Առաջաբ.՝ Ս. Սարյան)

670 ## - SOURCE DATA FOUND

  • Source citation: Советская армянская литература = Սովետահայ գրականություն : (1941-1960), 1964 :
  • Information found: т.л. (С.М. Сарьян); конц. (Сарьян Саркис Мартиросович)


ՀՀ ԳԱԱ հիմնարար գիտական գրադարան
ՀՀ,Երևան 0019
Մարշալ Բաղրամյան 24/6
հեռախոս:(374-10) 52-47-50
Հետադարձ կապ

All site content, except where otherwise noted, is licensed under a
Creative Commons License